Examining the (ir)relevance of aggregation bias for multilevel studies of neighborhoods and crime with an example comparing census tracts to official neighborhoods in Cincinnati
| 1. VerfasserIn: | |
|---|---|
| Medienart: | Elektronisch Aufsatz |
| Sprache: | Englisch |
| Veröffentlicht: |
2002
|
| In: |
Criminology
Jahr: 2002, Band: 40, Heft: 3, Seiten: 681-709 |
| Online-Zugang: |
Volltext (lizenzpflichtig) Volltext (lizenzpflichtig) |
| Verfügbarkeit prüfen: | HBZ Gateway |
MARC
| LEADER | 00000caa a22000002c 4500 | ||
|---|---|---|---|
| 001 | 1912546825 | ||
| 003 | DE-627 | ||
| 005 | 20250125055144.0 | ||
| 007 | cr uuu---uuuuu | ||
| 008 | 241217s2002 xx |||||o 00| ||eng c | ||
| 024 | 7 | |a 10.1111/j.1745-9125.2002.tb00970.x |2 doi | |
| 035 | |a (DE-627)1912546825 | ||
| 035 | |a (DE-599)KXP1912546825 | ||
| 040 | |a DE-627 |b ger |c DE-627 |e rda | ||
| 041 | |a eng | ||
| 084 | |a 2,1 |2 ssgn | ||
| 100 | 1 | |a Wooldredge, John |e VerfasserIn |0 (DE-588)1177191652 |0 (DE-627)1048619133 |0 (DE-576)517330431 |4 aut | |
| 109 | |a Wooldredge, John |a Wooldrege, John D. |a Wooldrege, John David | ||
| 245 | 1 | 0 | |a Examining the (ir)relevance of aggregation bias for multilevel studies of neighborhoods and crime with an example comparing census tracts to official neighborhoods in Cincinnati |
| 264 | 1 | |c 2002 | |
| 336 | |a Text |b txt |2 rdacontent | ||
| 337 | |a Computermedien |b c |2 rdamedia | ||
| 338 | |a Online-Ressource |b cr |2 rdacarrier | ||
| 773 | 0 | 8 | |i Enthalten in |t Criminology |d Oxford [u.a.] : Wiley-Blackwell, 1970 |g 40(2002), 3, Seite 681-709 |h Online-Ressource |w (DE-627)340877685 |w (DE-600)2066199-X |w (DE-576)25810161X |x 1745-9125 |7 nnas |
| 773 | 1 | 8 | |g volume:40 |g year:2002 |g number:3 |g pages:681-709 |
| 787 | 0 | 8 | |i Forschungsdaten |a Wooldredge, John |t Reconsidering Domestic Violence Recidivism: Individual and Contextual Effects of Court Dispositions and Stake in Conformity in Hamilton County, Ohio, 1993-1998 |d [Erscheinungsort nicht ermittelbar] : [Verlag nicht ermittelbar], 2000 |w (DE-627)1902792092 |
| 856 | 4 | 0 | |u https://doi.org/10.1111/j.1745-9125.2002.tb00970.x |x Resolving-System |z lizenzpflichtig |3 Volltext |7 1 |
| 856 | 4 | 0 | |u https://www.ncjrs.gov/App/Publications/abstract.aspx?ID=196621 |x Verlag |z lizenzpflichtig |3 Volltext |7 1 |
| 935 | |a mkri | ||
| 951 | |a AR | ||
| ELC | |a 1 | ||
| LOK | |0 000 xxxxxcx a22 zn 4500 | ||
| LOK | |0 001 4637512328 | ||
| LOK | |0 003 DE-627 | ||
| LOK | |0 004 1912546825 | ||
| LOK | |0 005 20241217044438 | ||
| LOK | |0 008 241217||||||||||||||||ger||||||| | ||
| LOK | |0 035 |a (DE-2619)ICPSR32561 | ||
| LOK | |0 040 |a DE-2619 |c DE-627 |d DE-2619 | ||
| LOK | |0 092 |o n | ||
| LOK | |0 852 |a DE-2619 | ||
| LOK | |0 852 1 |9 00 | ||
| LOK | |0 935 |a nacp | ||
| LOK | |0 939 |a 17-12-24 |b l01 | ||
| ORI | |a SA-MARC-krimdoka001.raw | ||
